Electric Power Generaton,Transmission And Distribution (Record no. 5612)

MARC details
000 -LEADER
fixed length control field 00396nam a22001577a 4500
005 - DATE AND TIME OF LATEST TRANSACTION
control field 20170925152451.0
008 - FIXED-LENGTH DATA ELEMENTS--GENERAL INFORMATION
fixed length control field 170925b xxu||||| |||| 00| 0 eng d
020 ## - INTERNATIONAL STANDARD BOOK NUMBER
ISBN 978-81-203-3560
041 ## - LANGUAGE CODE
Language code of text/sound track or separate title eng
082 ## - DEWEY DECIMAL CLASSIFICATION NUMBER
Classification number 621.312 1
100 ## - MAIN ENTRY--AUTHOR NAME
Personal name Singh,S N
245 ## - TITLE STATEMENT
Title Electric Power Generaton,Transmission And Distribution
260 ## - PUBLICATION, DISTRIBUTION, ETC. (IMPRINT)
Place of publication New Delhi
Name of publisher New Age
Year of publication 2015
300 ## - PHYSICAL DESCRIPTION
Number of Pages 433
942 ## - ADDED ENTRY ELEMENTS (KOHA)
Koha item type Books
Holdings
Lost status Damaged status Home library Current library Shelving location Date acquired Source of acquisition Cost, normal purchase price Full call number Accession Number Koha item type
    JRU Library   SHELF-38-K 25/09/2017 Purchase 350.00 621.312 1 22124 Books
    JRU Library   SHELF-38-K 25/09/2017 Purchase 350.00 621.312 1 22125 Books
    JRU Library   SHELF-38-K 25/09/2017 Purchase 350.00 621.312 1 22126 Books
    JRU Library   SHELF-38-K 25/09/2017 Purchase 350.00 621.312 1 22127 Books
    JRU Library   SHELF-38-K 25/09/2017 Purchase 350.00 621.312 1 22128 Books